| 000 | 00704nam a2200241Ia 4500 | ||
|---|---|---|---|
| 005 | 20260430150709.0 | ||
| 008 | 008 250103s9999 xx 000 0 eng d | ||
| 037 | _aTheses | ||
| 040 | _aCRL | ||
| 040 | _beng | ||
| 040 | _ceng | ||
| 041 | _2eng | ||
| 041 | _aeng | ||
| 084 | _qCRL | ||
| 100 |
_aGhatak Trisha Au.; Mahendra Nath Gu.; Ramendra Pratap Gu. _91238242 |
||
| 245 | 0 | _aSynthesis of Multifunctional Furans, Pyrazoles, Benzo[h]chromen-2 ones and Chromen-4-ones from Ketene Dithioacetals | |
| 260 | _c2024 | ||
| 300 | _a130p. | ||
| 650 | _aChemistry | ||
| 700 |
_aUniversity of Delhi. Faculty of Science. Deptt. of Chemistry _91236464 |
||
| 942 | _cTH | ||
| 999 |
_c1850413 _d1850413 |
||